Multiple Choice City Quiz – Memphis - Statistics

General Stats
  • This quiz has been taken 9,044 times
    9,038 since last reset
  • The average score is 6 of 10
Answer Stats
Question Answer % Correct
Memphis is named for ... A city in ancient Egypt
87%
Which of these people resided in Memphis? Elvis Presley
83%
Who was assassinated in Memphis in 1968? Martin Luther King Jr.
79%
Memphis lies on the banks of what river? Mississippi
76%
What type of food is Memphis famous for? Barbecue
70%
Today home to a Bass Pro Shops outlet, Memphis has the 10th tallest _____ in the world. Pyramid
66%
What street is famous for its ties to blues music? Beale Street
55%
Founded in Memphis in 1916, what was the world's first self-service grocery store? Piggly Wiggly
43%
Which Tom Cruise movie takes place in Memphis? The Firm
41%
What Memphis-based music label played a pioneering role in rock-and-roll and R&B history? Sun Records
37%
No matching quizzes found
Score Distribution
Percent of People with Each Score
Percentile by Number Answered
Your Score History
You have not taken this quiz since the last reset